|
|
|
|
| LEADER |
01102nam a2200241 a 4500 |
| 001 |
00403479 |
| 003 |
GR-PaULI |
| 005 |
20230531140816.0 |
| 008 |
060912s2006 wau 001 0 eng d |
| 952 |
|
|
|0 0
|1 0
|2 ddc
|4 0
|6 005_276000000000000_2_JON
|7 0
|9 254355
|a LISP
|b LISP
|c ALFg
|d 2021-01-17
|e 24
|f
|g 0.00
|i 40063
|l 0
|o 005.276 2 JON
|p 025000301081
|r 2021-01-17 00:00:00
|t 1
|v 2021.00
|w 2021-01-17
|y BK15
|e
|x
|x GrPaTEI
|
| 999 |
|
|
|c 149687
|d 149687
|
| 020 |
|
|
|a 9780735622449
|
| 040 |
|
|
|a GrPaTEI
|b gre
|c GR-PaULI
|e AACR2
|
| 082 |
0 |
4 |
|a 005.276 2
|2 23
|
| 100 |
1 |
|
|a Jones, Don,
|d 1971-
|9 198595
|e συγγραφέας.
|
| 245 |
1 |
0 |
|a Advanced VBScript for Microsoft Windows administrators /
|c Don Jones, Jeffery Hicks.
|
| 260 |
|
|
|a Washington :
|b Microsoft Press,
|c c2006.
|
| 300 |
|
|
|a 536 σ. :
|b εικ. ;
|c 24 εκ. +
|e 1 σύμπυκνος δίσκος ανάγνωσης Η/Υ.
|
| 500 |
|
|
|a Περιλαμβάνει ευρετήριο.
|
| 650 |
|
4 |
|a VBScript (Γλώσσα προγραμματισμού)
|9 198596
|
| 700 |
1 |
|
|a Hicks, Jeffery
|9 198597
|e συγγραφέας.
|
| 942 |
|
|
|2 ddc
|c BK
|
| 998 |
|
|
|c ΜΠΟΥΡΑΣ
|d 2023-05
|